| 000 | 00976cai a22001815a 4500 | ||
|---|---|---|---|
| 001 | E148054 | ||
| 008 | 090717u xxk g 000 0 eng d | ||
| 035 | _a(Sirsi) u148054 | ||
| 041 | 0 | _aeng | |
| 110 | 2 |
_aScotland _bScottish Government _95344 |
|
| 245 | 0 | 4 |
_aThe house key _h[electronic resource] |
| 520 | _aSection of the Scottish Government's website which provides access to 'The Housing Key', a directory of support services relating to housing in Scotland. Searches can be conducted by sector: housing support services; sheltered housing; and adaptations and repairs, or by organisation. Also includes a library of relevant publications and a glossary. | ||
| 590 | _aKA | ||
| 651 | 4 |
_aScotland _y1999- |
|
| 690 | _aPROPERTY-RESIDENTIAL PROPERTY-DOMESTIC RESIDENTIAL PROPERTY-HOUSING | ||
| 856 | 4 | 0 |
_uhttps://www.scotland.gov.uk/Topics/Built-Environment/Housing/access/housingsupport/supportservices _zView the website free of charge at www/scotland.gov.uk... |
| 942 | _n0 | ||
| 999 |
_c120818 _d120818 |
||